000 00951nam a2200253Ia 4500
003 OSt
005 20220927103648.0
006 a|||||r|||| 00| 0
007 ta
008 220926b |||||||| |||| 00| 0 eng d
024 _a111520
037 _cReference Collections
040 _aRTL
_cRTL
_beng
041 _2eng
_aeng
082 _a"D513:5.5N77t, L8.1-1;L8.1-2"
110 _aUnited Nations. Economic Commission for Europ. Inalnd Transport Committee
_9361251
245 0 _aTechnical requirements for power-driven vehicles and their parts and equipment approved by group of experts on construction of vehicles
260 _aNew
_bYork United Nations USA
_c1978
490 _vPt-A
650 _aEngineering
_9361252
700 _aUnited Nations. Economic Commission for Europ. Inalnd Transport Committee
_9361253
942 _h"D513:5.5N77t, L8.1-1;L8.1-2"
_cCC
999 _c684669
_d684669